| 000 | 00385nam a22001457a 4500 | ||
|---|---|---|---|
| 003 | OSt | ||
| 005 | 20140310182518.0 | ||
| 008 | 130810t xxu||||| |||| 00| 0 eng d | ||
| 050 |
_aRC 941 _b.Si617 2010 |
||
| 100 |
_aHariqbal Singh. _99241 |
||
| 245 |
_aManual of chest radiology: _cHariqbal Singh. |
||
| 650 |
_aRadiology _97935 _xChest _xManual |
||
| 942 |
_2lcc _cSSLC |
||
| 999 |
_c13987 _d13987 |
||